Name a Valid Oscar Nomination #2 - Statistics

General Stats
  • This quiz has been taken 19 times
  • The average score is 9 of 15
Answer Stats
Actor Nominations % Correct
Kathy Bates Misery | Primary Colors | About Schmidt | Richard Jewell
89%
Jodie Foster Taxi Driver | The Accused | The Silence of the Lambs | Nell | Nyad
89%
Samuel L. Jackson Pulp Fiction
83%
Kevin Spacey The Usual Suspects | American Beauty
78%
Julia Roberts Steel Magnolais | Pretty Woman | Erin Brockovich | August: Osage County
72%
Liam Neeson Schindler's List
67%
Sigourney Weaver Aliens | Gorillas in the Mist | Working Girl
61%
Gene Hackman Bonnie and Clyde | I Never Sang for My Father | The French Connection | Mississippi Burning | Unforgiven
61%
Tommy Lee Jones JFK | The Fugitive | In the Valley of Elah | Lincoln
61%
Tom Cruise Born on the Fourth of July | Jerry Maguire | Magnolia
56%
Anne Hathaway Rachel Getting Married | Les Miserables
56%
Mark Wahlberg The Departed
56%
Jennifer Lawrence Winter's Bone | Silver Linings Playbook | American Hustle | Joy
56%
Willem Dafoe Platoon | Shadow of the Vampire | The Florida Project | At Eternity's Gate
33%
Scarlett Johansson Marriage Story | Jojo Rabbit
28%
No matching quizzes found
Score Distribution
Percent of People with Each Score
Percentile by Number Answered
Your Score History
You have not taken this quiz